00370 a2200097 4500001001000000005001700010008004100027245011800068100001900186773006700205ART_5811920260410162010.0260409a 10aJudicialización en materia de salud como fenómeno hipercomplejo en casos de medicamentos de alto costo/precio1 aDíaz, Ana I.0 tTemas de derecho civilg- Año 9, N° 3 (mar. 2023)wREV34778